Random Taylor Swift Songs by Lyrics #3 - Statistics

General Stats
  • This quiz has been taken 86 times
  • The average score is 204 of 389
Answer Stats
Answer % Correct
I
97%
you
92%
you,
92%
you?"
92%
the
86%
we
86%
We
86%
and
76%
And
76%
me
74%
when
74%
to
73%
love,
70%
in
68%
it
67%
then
62%
was
62%
was,
62%
"Do
61%
go
59%
know
59%
on
58%
like
56%
this
56%
were
56%
My
53%
No
53%
so
52%
time
52%
night
50%
all
48%
back
48%
Back
48%
that
48%
they
48%
They
48%
could
47%
I'd
47%
don't
45%
how
45%
I'm
45%
up
45%
first
44%
fly
44%
Not
44%
say
44%
wish
44%
but
42%
But
42%
never
42%
very
42%
did
41%
miss
41%
read
38%
at
36%
'Cause
36%
down
36%
abou
35%
car
35%
much
35%
pick
35%
we'd
35%
Didn't
33%
didn't
33%
goes,
32%
sky
32%
L.A.
30%
out
30%
saw
30%
every
29%
fell
27%
both
26%
picture
24%
write
24%
about
23%
as
23%
fall
23%
hotel
23%
Polaroid
23%
Take
21%
take
21%
(Take)
21%
(take)
21%
through
21%
everything
20%
note
20%
one
20%
ridin'
20%
away,
18%
away
18%
broke
18%
friends
18%
going
18%
remember
18%
same
18%
weekend,
18%
children
17%
comin'
17%
different
17%
drive
17%
party
17%
roads
17%
were'nt
17%
alone
15%
lead
15%
runnin'
15%
apart
12%
broken-hearted
12%
each
12%
hearts
12%
seem
12%
other's
11%
status
11%
tryin'
11%
built
9%
quo,
9%
forget
8%
hallway
8%
whisper
8%
words
8%
knows
6%
andI
5%
chased
5%
kitchen,
5%
whispered
3%
Danced
2%
phone
2%
No matching quizzes found
Score Distribution
Percent of People with Each Score
Percentile by Number Answered
Your Score History
You have not taken this quiz